Vzdelanie ako faktor ekonomického rastu
Vzdelávaním a výchovou sa zvyšujú možnosti obyvateľov pri uplatňovaní sa na trhu práce, znižujú sa náklady podnikateľských subjektov na zaškolenie. Rozvoj ľudského kapitálu. Komplexné chápanie vzdelávania. Rovný prístup ku vzdelávaniu. Bezplatné vzdelávanie. Zvýšenie kvality vzdelávania. Dosiahnutá...
Salvato in:
| Autore principale: | |
|---|---|
| Natura: | Capitolo di libro |
| Lingua: | slovacco |
| Soggetti: | |
| Tags: |
Nessun Tag, puoi essere il primo ad aggiungerne!!
|
MARC
| LEADER | 00000nla$a2200000$$$4500 | ||
|---|---|---|---|
| 001 | 0110534 | ||
| 005 | 20240502072224.4 | ||
| 041 | 0 | |a slo | |
| 044 | |a SK | ||
| 245 | 1 | 0 | |a Vzdelanie ako faktor ekonomického rastu |c Ivana Lennerová |
| 520 | |a Vzdelávaním a výchovou sa zvyšujú možnosti obyvateľov pri uplatňovaní sa na trhu práce, znižujú sa náklady podnikateľských subjektov na zaškolenie. Rozvoj ľudského kapitálu. Komplexné chápanie vzdelávania. Rovný prístup ku vzdelávaniu. Bezplatné vzdelávanie. Zvýšenie kvality vzdelávania. Dosiahnutá úroveň vzdelania mládeže (muži, ženy). | ||
| 610 | 2 | 0 | |a vzdelanie |
| 610 | 2 | 0 | |a faktory rastu hospodárskeho |
| 610 | 2 | 0 | |a kvalita |
| 100 | 1 | |a Lennerová, Ivana, 1979- | |